00552nam a22001337a 4500082001200000100006800012245009300080260000900173300001300182504003800195536005600233650010900289700002000398 aRT.0110 aT., AbhilashuGokhale Institute of Politics and EconomicsvPune aSocio - Economic Inclusion of Nomadic Tribesb: A Case Study of Malai Pandaram in Kerala aPune axv,155p. aInclude Bibliography and Annexure aIndian Council of Social Science Research, New Delh asocial statusvsocio - economic statusvInclusion, Socialvnomadic tribeszmalai pandaramzkeralazindia aBansode,prasant